000
00347nam a2200145Ia 4500
008
151213s9999 xx 000 0 und d
100
_a
B P A T C
245
_a
Poverty Alleviation Programs
_c
B P A T C
260
_a
Dhaka
_b
B P A T C
_c
1995
300
_a
7323 p.
650
_a
Reference
650
_a
Report
700
_a
B P A T C
999
_c
3893
_d
3893